000 00406nam a2200157Ia 4500
008 210210b2002 xxu||||| |||| 00| 0 eng d
020 _a81 7371 415 6
082 _a658.83 PATM
100 _aPATI (Debashis).
245 _aMarketing research.
260 _aHyderabad
_bUniversities Press
_c2002
300 _aix,682
650 _aMarketing research
690 _aMarketing Management
906 _a058840
999 _c106045
_d106045